000 02170nam0a2200301 i 4500
001 RU\NLR\BIBL_A\010888060
005 20240921151831.0
010 _a9785962411040
_9100
021 _aRU
_b2015-79562
_94817
035 _a(NLR Aleph) 010888060
090 _a10536737
_c10536737
100 _a20151112d2014 u y0rusy50 ca
101 0 _arus
102 _aRU
105 _aa|||j|||000yy
200 1 _aВведение в физику сцинтилляторов - 2
_eучебное пособие
_e[для бакалавров и магистров физическиго факультета, специализирующихся в области радиофизики, микро- и твердотельной электроники, общей, медицинской и теоретической физики]
_fР.Ю. Шендрик, Е.А. Раджабов
_gМ-во образования и науки Рос. Федерации, Федер. гос. бюджет. образоват. учреждение высш. проф. образования "Иркут. гос. ун-т", Федер. гос. бюджет. учреждение науки Ин-т геохимии им А.П. Виноградова Сиб. отд-ния Рос. акад. наук
210 _aИркутск
_cИзд-во ИГУ
_d2014
215 _a93, [2] с.
_cил.
_d20
225 1 _aМетоды экспериментальной физики конденсированного состояния
_fред.: засл. деят. науки России, проф., лауреат премии Правительства РФ, д.ф.-м.н. А.И. Непомнящих
320 _aБиблиогр. в конце кн. (15 назв.)
606 1 _aСцинтилляторы
_jУчебные издания для высших учебных заведений
_91396088
_3RU\NLR\AUTH\66274332
686 1 _aВ381.54я73-1
700 1 _aШендрик
_bР. Ю.
_gРоман Юрьевич
701 1 _aРаджабов
_bЕ.А.
_gЕвгений Александрович
942 _cBOOK
980 _aNBR